000 00655nam a2200193Ia 4500
003 GCL
008 140319s9999 xx 000 0 ara d
040 _aGCL /
_cGCL
082 0 4 _a833.03
_bك س
100 1 _aكونساليك, هينز
245 1 0 _aساعتان للحب /
_cكونساليك, هينز
700 1 _aمحمد عبدالمنعم جلال (مترجم)
260 _a[S.N] :
_bالهيئة المصرية العامة للكتاب ،
_c1992
300 _a174 ص
490 _aالرواية العالمية
_v0
650 0 4 _aالادب الالمانى
650 0 4 _aالقصص الالمانية المترجمة
942 _2ddc
_cBK
999 _c30272
_d30272